000 00708nam a2200241Ia 4500
003 OSt
005 20221005050541.0
006 a|||||r|||| 00| 0
007 ta
008 221004b |||||||| |||| 00| 0 per d
024 _a32981
037 _cTextual
040 _aCRL
_cCRL
_bper
041 _2per
_aper
082 _aO164,1G07:g(R3), 111K5
100 _aKhalifa Abdul Hakim
_964465
245 0 _aMetaphysics of Rumi
_b a critical and historical sketch
260 _aLahore
_bInstitute of Islamic Culture
_c1965
300 _a157p.
_ccm.
650 _aENGLISH LITERATURE
942 _hO164,1G07:g(R3), 111K5
_cTEXL
_2cc
999 _c957234
_d957234